000 04409cam a22004818i 4500
001 21085219
003 NUST
005 20230125153652.0
008 190715s2020 nju b 001 0 eng
010 _a 2019030489
020 _a9781119335580
_q(cloth)
020 _z9781119335962
_q(adobe pdf)
020 _z9781119335955
_q(epub)
035 _a(DNLM)101750993
040 _aDNLM/DLC
_beng
_erda
_cDLC
042 _apcc
050 0 0 _aQH324.2
060 1 0 _aQU 550.5.S4
082 0 0 _a570.285
_223
130 0 _aBioinformatics (Baxevanis)
_9107657
245 1 0 _aBioinformatics :
_ba practical guide to the analysis of genes and proteins /
_cedited by Andreas D. Baxevanis, Gary D. Bader, David S. Wishart.
250 _aFourth edition.
263 _a1912
264 1 _aHoboken, NJ :
_bWiley,
_c2020.
300 _apages cm
336 _atext
_btxt
_2rdacontent
337 _aunmediated
_bn
_2rdamedia
338 _avolume
_bnc
_2rdacarrier
504 _aIncludes bibliographical references and index.
505 0 _aBiological sequence databases / Andreas D. Baxevanis -- Information retrieval from biological databases / Andreas D. Baxevanis -- Assessing pairwise sequence similarity : BLAST and FASTA / Andreas D. Baxevanis -- Genome browsers / Tyra G. Wolfsberg -- Genome annotation / David S. Wishart -- Predictive methods using RNA sequences / Michael F. Sloma, Michael Zuker, and David H. Mathews -- Predictive methods using protein sequences / Jonas Reeb, Tatyana Goldberg, Yanay Ofran, and Burkhard Rost -- Multiple sequence alignments / Fabian Sievers, Geoffrey J. Barton, and Desmond G. Higgins -- Molecular evolution and phylogenetic analysis / Emma J. Griffiths and Fiona S.L. Brinkman -- Expression analysis / Marieke L. Kuijjer, Joseph N. Paulson, and John Quackenbush -- Proteomics and protein identification by mass spectrometry / Sadhna Phanse and Andrew Emili -- Protein structure prediction and analysis / David S. Wishart -- Biological networks and pathways / Gary D. Bader -- Metabolomics / David S. Wishart -- Population genetics / Lynn B. Jorde and W. Scott Watkins -- Metagenomics and microbial community analysis / Robert G. Beiko -- Translational bioinformatics / Sean D. Mooney and Stephen J. Mooney -- Statistical methods for biologists / Hunter N.B. Moseley.
520 _a"This fully revised Fourth Edition to a best-selling resource provides the reader with a hands-on guide to computational biology, primarily in the area of sequence analysis. The subject matter will cover a broad spectrum of concepts in bioinformatics, beginning with an overview of biological databases and ending with a series of chapters on predictive and comparative algorithms. Using relevant biological examples, the book will provide background on and strategies for using many of the most powerful and commonly-used algorithms for sequence-based discovery. Given the explosion in the number of organisms whose genomes have been sequenced over the last several years, the emergence of new types of data sets (particularly those derived using next-generation sequencing technologies), and increasing emphasis on being able to make effective use of "big data", the book is both timely and important to investigators in molecular biology and related fields. With a full-color, enlarged page design, this edition offers the most readable, up-to-date, and thorough introduction to the field for biologists. The new "Foundations" section insures that readers have a firm understanding of the technologies that generate the data, as well as the essential statistical and programming tools. Features include special boxes, enhanced use of real examples, and problem sets with answers provided on the book's dedicated website (www.wiley.com/bioinformatics). A glossary and appendix of sample file formats rounds out the book's reader-friendly, 'hands-on' treatment"--
_cProvided by publisher.
650 1 2 _aComputational Biology
_xmethods
_921335
650 1 2 _aSequence Analysis
_xmethods
_9107658
650 2 2 _aBase Sequence
_9107659
650 2 2 _aDatabases, Nucleic Acid
_9107660
650 2 2 _aDatabases, Protein
_9107661
700 1 _aBaxevanis, Andreas D.,
_eeditor.
_9107662
700 1 _aBader, Gary D.,
_eeditor.
_9107663
700 1 _aWishart, David Scott,
_eeditor.
_9107664
906 _a7
_bcbc
_corignew
_d1
_eecip
_f20
_gy-gencatlg
942 _2ddc
_cBK
999 _c593005
_d593005